Informe sobre la actividad del Comité Internacional de la Cruz Roja: 1§ de julio 1947 - 31 de diciembre 1948

Guardat en:
Dades bibliogràfiques
Autor corporatiu: Comité Internacional de la Cruz Roja (Autor)
Format: Llibre
Idioma:espanyol
Publicat: Ginebra Comité Internacional de la Cruz Roja 1949
Matèries:
Etiquetes: Afegir etiqueta
Sense etiquetes, Sigues el primer a etiquetar aquest registre!

MARC

LEADER 00000nam a2200000 a 4500
001 UCT9548
003 CL-VaPUC
008 970404e19490000SZ |||||||||||||||||spa|d
082 0 4 |a 341.6  |b COM  |2 21 
110 2 |a Comité Internacional de la Cruz Roja  |e author  |9 382360 
245 1 0 |a Informe sobre la actividad del Comité Internacional de la Cruz Roja: 1§ de julio 1947 - 31 de diciembre 1948 
300 |a 127 p 
942 |c BK 
945 |d 19970404 00:00:00  |a lriquelm 
260 |a Ginebra  |b Comité Internacional de la Cruz Roja  |c 1949 
650 7 |a CRUZ ROJA  |2 CL-VaPUC  |9 382361 
650 7 |a INSTITUCIONES INTERNACIONALES  |2 CL-VaPUC  |9 382362 
650 0 |a Prisioneros de guerra  |9 350908 
650 7 |a REPATRIACION  |2 CL-VaPUC  |9 382363 
650 7 |a REFUGIADOS  |2 CL-VaPUC  |9 382364 
650 0 |a Apátridas  |9 382365 
650 7 |a HERIDOS DE GUERRA  |2 CL-VaPUC  |9 382309 
650 0 |a Informes  |9 334810 
583 |a last modification  |c 19970404 00:00:00  |k Rodrigo Vera 
999 |c 257938  |d 257936 
952 |0 0  |1 0  |4 0  |6 341_600000000000000_COM_1949  |7 0  |8 A  |9 281663  |a BIBDER  |b BIBDER  |d 2019-11-19  |i 1825127  |o 341.6 COM 1949  |p 1825127  |r 2023-01-25  |w 2019-11-19  |y BK  |k DER